Normal view
MARC view
- Kalimi , Umair GC (TCC-13)
Entry Personal Name
001 - CONTROL NUMBER
- control field: 131866
003 - CONTROL NUMBER IDENTIFIER
- control field: NUST
005 - DATE AND TIME OF LATEST TRANSACTION
- control field: 20251112182423.0
008 - FIXED-LENGTH DATA ELEMENTS
- fixed length control field: 251112|| aca||aabn | a|a d
040 ## - CATALOGING SOURCE
- Original cataloging agency: NUST
- Transcribing agency: NUST
100 ## - HEADING--PERSONAL NAME
- Personal name: Kalimi , Umair GC (TCC-13)
670 ## - SOURCE DATA FOUND
- Source citation: Work cat.: (NUST)183248: Kalimi , Umair GC (TCC-13), Intelligent error correction communication (COOMINT) system /, 2005
